Tour de France Stage Winners of the 2020s (2020–2025) - Statistics

General Stats
  • This quiz has been taken 46 times
  • The average score is 44 of 64
Answer Stats
Answer Nation Team Total Year % Correct
Jonas Vingegaard Denmark Visma-Lease a Bike 4 wins TdF 2024
100%
Mathieu Van der Poel Netherlands Alpecin-Deceuninck 2 wins TdF 2025
100%
Tadej Pogacar Slovenia UAE Team Emirates 21 wins TdF 2025
100%
Jasper Philipsen Belgium Alpecin-Deceuninck 10 wins TdF 2025
94%
Mark Cavendish Great Britain Astana Qazaqstan 5 wins TdF 2024
94%
Wout Van Aert Belgium Visma-Lease a Bike 9 wins TdF 2025
94%
Adam Yates Great Britain UAE Team Emirates 1 win TdF 2023
91%
Ben Healy Ireland EF Education-EasyPost 1 win TdF 2025
91%
Biniam Girmay Eritrea Intermarche-Wanty 3 wins TdF 2024
91%
Simon Yates Great Britain Visma-Lease a Bike 1 win TdF 2025
91%
Thymen Arensman Netherlands Ineos Grenadiers 2 wins TdF 2025
91%
Matej Mohoric Slovenia Bahrain Victorious 3 wins TdF 2023
88%
Remco Evenepoel Belgium Soudal Quick-Step 2 wins TdF 2025
88%
Richard Carapaz Ecuador EF Education-EasyPost 1 win TdF 2024
88%
Romain Bardet France dsm-firmenich 1 win TdF 2024
88%
Tim Merlier Belgium Soudal Quick-Step 3 wins TdF 2025
88%
Tim Wellens Belgium UAE Team Emirates - XRG 1 win TdF 2025
88%
Jonathan Milan Italy Lidl-Trek 2 wins TdF 2025
85%
Michal Kwiatkowski Poland Ineos Grenadiers 2 wins TdF 2023
85%
Primoz Roglic Slovenia Team Jumbo-Visma 1 win TdF 2020
85%
Julian Alaphilippe France Soudal Quick-Step 2 wins TdF 2021
82%
Jonas Abrahamsen Norway Uno-X Mobility 1 win TdF 2025
79%
Kevin Vauquelin France Arkea-B&B Hotels 1 win TdF 2024
79%
Mads Pedersen Denmark Lidl-Trek 2 wins TdF 2023
79%
Ben O'Connor Australia Team Jayco-AlUla 1 win TdF 2025
76%
Christophe Laporte France Jumbo-Visma 1 win TdF 2022
74%
Felix Gall Austria AG2R La Mondiale 1 win TdF 2023
74%
Kaden Groves Australia Alpecin-Deceuninck 1 win TdF 2025
71%
Michael Woods Canada Israel-Premier Tech 1 win TdF 2023
71%
Valentin Paret-Peintre France Soudal Quick-Step 1 win TdF 2025
71%
Anthony Turgis France TotalEnergies 1 win TdF 2024
68%
Carlos Rodriguez Spain Ineos Grenadiers 1 win TdF 2023
68%
Dylan Groenewegen Netherlands Team Jayco-AlUla 2 wins TdF 2024
68%
Kasper Asgreen Denmark Soudal Quick-Step 1 win TdF 2023
68%
Sam Bennett Ireland Deceuninck - Quick Step 2 wins TdF 2020
68%
Sepp Kuss USA Team Jumbo-Visma 1 win TdF 2021
68%
Tom Pidcock Great Britain Ineos Grenadiers 1 win TdF 2022
68%
Bob Jungels Luxembourg AG2R La Mondiale 1 win TdF 2022
65%
Alexander Kristoff Norway UAE Team Emirates 1 win TdF 2020
62%
Soren Kragh Andersen Denmark Team Sunweb 2 wins TdF 2020
62%
Ion Izagirre Spain Cofidis 1 win TdF 2023
59%
Jordi Meeus Belgium Bora-Hansgrohe 1 win TdF 2023
59%
Michael Matthews Australia Team BikeExchange - Jayco 1 win TdF 2022
59%
Pello Bilbao Spain Bahrain Victorious 1 win TdF 2023
59%
Victor Lafay France Cofidis 1 win TdF 2023
59%
Alexey Lutsenko Kazakhstan Astana 1 win TdF 2020
56%
Caleb Ewan Australia Lotto Soudal 1 win TdF 2020
56%
Jai Hindley Australia Bora-Hansgrohe 1 win TdF 2023
56%
Victor Campenaerts Belgium Lotto Dstny 1 win TdF 2024
56%
Yves Lampaert Belgium Quick-Step Alpha Vinyl Team 1 win TdF 2022
56%
Magnus Cort Denmark EF Education-EasyPost 1 win TdF 2022
53%
Marc Hirschi Switzerland Team Sunweb 1 win TdF 2020
53%
Miguel Angel Lopez Colombia Astana 1 win TdF 2020
50%
Wout Poels Netherlands Bahrain Victorious 1 win TdF 2023
50%
Fabio Jakobsen Netherlands Quick-Step Alpha Vinyl Team 1 win TdF 2022
44%
Daniel Felipe Martinez Colombia Bora-Hansgrohe 1 win TdF 2020
41%
Lennard Kamna Germany Bora-Hansgrohe 1 win TdF 2020
41%
Bauke Mollema Netherlands Trek-Segafredo 1 win TdF 2021
38%
Hugo Houle Canada Israel-Premier Tech 1 win TdF 2022
38%
Nils Politt Germany Bora-Hansgrohe 1 win TdF 2021
35%
Simon Clarke Australia Israel-Premier Tech 1 win TdF 2022
29%
Patrick Konrad Austria Bora-Hansgrohe 1 win TdF 2021
26%
Dylan Teuns Belgium Bahrain Victorious 1 win TdF 2021
21%
Nans Peters France AG2R La Mondiale 1 win TdF 2020
21%
No matching quizzes found
Score Distribution
Percent of People with Each Score
Percentile by Number Answered
Your Score History
You have not taken this quiz